Ortaçağ yazıları / (Record no. 12603)

MARC details
000 -BAŞLIK
Sabit Uzunlukta Kontrol Alanı 00591nam a22002057a 4500
999 ## - SİSTEM KONTROL NUMARALARI (KOHA)
Koha Biblionumber 12603
Koha Biblioitemnumber 12603
003 - KONTROL NUMARASI IDENTIFIER
Denetim Alanı MIRAKIL
005 - SON İŞLEM TARİHİ VE ZAMANI
Denetim Alanı 20190110120119.0
008 - SABİT-BOY VERİ ELEMANLARI - GENEL BİLGİLER
Sabit Uzunlukta Kontrol Alanı 190110b tu ||||| |||| 00| 0 tur d
040 ## - KATALOGLAMA KAYNAK
Orijinal Kataloglama Ajansı TR-AnCHP
Metne Dönüştürmek Ajansı TR-AnCHP
041 ## - DİL KODU
Metin / Ses Parça Veya Ayrı Başlığın Dil Kodu TUR
082 ## - DEWEY ONLU SINIFLANDIRMA NUMARASI
Sınıflandırma Numarası 189
Ürün Numarası Ç67o [t.y.]
100 ## - ANA GİRİŞ - KİŞİSEL İSİM
Kişisel Ad Çotuksöken, Betül
245 10 - BAŞLIK TABLOSU
Başlık Ortaçağ yazıları /
Sorumluluk Tablosu, Vb Betül Çotuksöken
260 ## - YAYIN, DAĞITIM, VB
Yayın, Dağıtım, Vb Yeri İstanbul :
Yayıncı, Dağıtıcı, Vs Adı Kabalcı yayınevi,
Yayın, Dağıtım, Vb Tarihi [t.y.].
300 ## - FİZİKSEL TANIM
Kapsam 140 s. ;
Boyutlar 20 sm.
490 0# - SERİSİ TABLOSU
Seri Beyanı Kabalcı Yayınları ;
Hacim / Ardışık Tanımı 26
490 0# - SERİSİ TABLOSU
Seri Beyanı Felsefe kitapları ;
Hacim / Ardışık Tanımı 4
650 #0 - KONU KATMA GİRİŞ - TOPİKAL DÖNEM
9 (RLIN) 34
Topikal Süreli Veya Coğrafi Ad Giriş Elemanı Felsefe
Genel Alt Bölümü Ortaçağ felsefesi
942 ## - EKLENDİ GİRİŞ ELEMANLARI (KOHA)
Sınıflandırma Veya Raf Düzeni Kaynak Dewey Decimal Classification
Koha Öğesi Türü Books
Holdings
Kalıcı Konum Mevcut Konum Edinme Tarihi Toplam Check-Out'Lar Tam Çağrı Numarası Barkod Tarih Son Görülme İtibaren Geçerli Fiyatlar Koha Öğesi Türü
Parti Okulu Kütüphanesi Parti Okulu Kütüphanesi 01/10/2019   189 Ç67o [t.y.] P00273 01/10/2019 01/10/2019 Books